Variété Française - Statistiques

Statistiques générales
  • Ce quiz a été pris 620 fois
  • Le résultat moyen est 7 sur 10
Statistiques - réponses
Question Réponse % Correct
Quel artiste a écrit la chanson "La Bohème" ? Charles Aznavour
95%
Qui a chanté "Pour que tu m’aimes encore" ? Céline Dion
89%
Quel chanteur est à l'origine de la chanson "Envole-moi" ? Jean-Jacques Goldman
89%
Quelle chanteuse française a remporté l'Eurovision en 1965 avec la chanson "Poupée de cire, poupée de son" ? France Gall
87%
Quel chanteur est connu pour sa chanson "Ne me quitte pas" ? Jacques Brel
87%
Quel groupe / chanteur est célèbre pour la chanson "Je te promets" ? Johnny Hallyday
84%
Quelle chanson de Joe Dassin commence par les paroles "À toi, à la façon que tu as d'être belle" ? "À toi"
74%
Quel chanteur est surnommé "Le Fou Chantant" ? Charles Trenet
49%
Quelle chanson de Serge Gainsbourg a été censurée à la télévision française en 1969 ? "Je t'aime… moi non plus"
39%
Pour qui "La Javanaise" est elle originellement composée ? Juliette Gréco
28%
Aucun quiz correspondant
Distribution des résultats
% des personnes avec chaque résultat
Percentile par nombre de réponses
Votre historique - résultats
Vous n’avez pas pris ce quiz